Library of the University of Algiers 3
Ibrahim Sultan Cheibout
شعار جامعة الجزائر 3
مكتبة جامعة الجزائر 3
إبراهيم سلطان شيبوط

تقييم الآثار الإقتصادية والإجتماعية لقروض برنامجي الأسر المنتجة وصناديق الائتمان المنفذيهن من وزارة التنمية الاجتماعية في الأردن / (رقم التسجيلة. 45401)

تفاصيل مارك
000 -LEADER
fixed length control field 01393nam a2200229Ia 4500
003 - CONTROL NUMBER IDENTIFIER
control field Ost
005 - DATE AND TIME OF LATEST TRANSACTION
control field 20260507075641.0
008 - FIXED-LENGTH DATA ELEMENTS--GENERAL INFORMATION
fixed length control field 260507s9999||||xx |||||||||||||| ||und||
020 ## - INTERNATIONAL STANDARD BOOK NUMBER
International Standard Book Number 9773141195
040 ## - CATALOGING SOURCE
Transcribing agency fsecg
041 ## - LANGUAGE CODE
Language code of text/sound track or separate title ara
082 ## - DEWEY DECIMAL CLASSIFICATION NUMBER
Classification number 332.7
100 ## - MAIN ENTRY--PERSONAL NAME
Personal name شتيوي، موسى
Relator term مؤلف
245 #0 - TITLE STATEMENT
Title تقييم الآثار الإقتصادية والإجتماعية لقروض برنامجي الأسر المنتجة وصناديق الائتمان المنفذيهن من وزارة التنمية الاجتماعية في الأردن /
Statement of responsibility, etc. موسى شتيوي
260 ## - PUBLICATION, DISTRIBUTION, ETC.
Place of publication, distribution, etc. القاهرة:
Name of publisher, distributor, etc. مكتبة زهراء الشرق,
Date of publication, distribution, etc. 2001
300 ## - PHYSICAL DESCRIPTION
Extent 67 صفحة؛
Other physical details إيضاحات ؛
Dimensions 24 سم
490 ## - SERIES STATEMENT
Series statement سلسلة دراسات مكافحة الفقر
Volume/sequential designation 13
520 ## - SUMMARY, ETC.
Summary, etc. الخصائص الإقتصادية والإجتماعية للمقترضين- الخصائص العامة للمشاريع ، تقييم المقترضين لبعض القضايا الاساسية المتعلقة بعملية الإقتراض، تقييم الآثار الإقتصادية للمشاريع على المقترضين ، الاسر المنتجة وصناديق الإئتمان، العوامل المحددة لإستمرارية ونجاح المشاريع ، النتائج والتوصيات
653 ## - INDEX TERM--UNCONTROLLED
Uncontrolled term الإقتصاد
653 ## - INDEX TERM--UNCONTROLLED
Uncontrolled term القروض
942 ## - ADDED ENTRY ELEMENTS (KOHA)
Koha item type كتب
المقتنيات
Withdrawn status Lost status Source of classification or shelving scheme Damaged status Not for loan Home library Current library Date acquired Serial enumeration / chronology Inventory number Total checkouts Full call number Barcode Date last seen Price effective from Koha item type
    Dewey Decimal Classification   NOT LOAN / إعارة داخلية مكتبة كلية العلوم الإقتصادية والعلوم التجارية وعلوم التسيير مكتبة كلية العلوم الإقتصادية والعلوم التجارية وعلوم التسيير 07/05/2026 الطابق الأرضي 909/1   أ/909 909/1 07/05/2026 07/05/2026 كتب

موارد الويب المفتوحة


© University of Algiers 3 All Rights Reserved
|
Implemented by LECHELAH Riad